000 00326nam a2200121Ia 4500
008 240731s9999 xx 000 0 und d
022 _a2993-7817
245 0 _aGastrointestinal Oncology: Management and Care
260 _bTaylor & Francis
856 _uhttps://www.tandfonline.com/loi/ugon20
942 _2ddc
942 _cTFEJ
999 _c76693
_d76693
945 _a1
_bMadushi Gamage
_c1
_dMadushi Gamage